| Tag |
First Indicator |
Second Indicator |
Subfields |
| LEADER |
00000cam a2200000 a 4500 |
| 001 |
in00001275721 |
| 005 |
20151004071003.0 |
| 008 |
970501s1995 at a b 101 0 eng d |
| 020 |
|
|
|a 0958758301
|
| 035 |
|
|
|a (OCoLC)36837018
|
| 035 |
|
|
|9 AGY1378AM
|
| 040 |
|
|
|a TXA
|c TXA
|d UtOrBLW
|
| 049 |
|
|
|a TXAM
|
| 090 |
|
|
|a TJ210.3
|b .R655 1995
|
| 111 |
2 |
|
|a National Conference of the Australian Robot Association
|n (6th :
|d 1995 :
|c Melbourne)
|
| 245 |
1 |
0 |
|a Robots for Australian industries :
|b proceedings of the 1995 National Conference of the Australian Robot Association, Melbourne, 5-7 July.
|
| 246 |
3 |
0 |
|a Proceedings of the 1995 National Conference of the Australian Robot Association
|
| 264 |
|
1 |
|a Sydney, N.S.W. :
|b Australian Robot Association Inc.,
|c [1995]
|
| 264 |
|
4 |
|c ©1995
|
| 300 |
|
|
|a viii, 440 pages :
|b illustrations ;
|c 30 cm.
|
| 336 |
|
|
|a text
|b txt
|2 rdacontent
|
| 337 |
|
|
|a unmediated
|b n
|2 rdamedia
|
| 338 |
|
|
|a volume
|b nc
|2 rdacarrier
|
| 504 |
|
|
|a Includes bibliographical references and index.
|
| 650 |
|
0 |
|a Robotics
|v Congresses.
|
| 650 |
|
0 |
|a Robots, Industrial
|v Congresses.
|
| 710 |
2 |
|
|a Australian Robot Association.
|
| 999 |
|
|
|a MARS
|
| 999 |
f |
f |
|s 30c0540d-f255-3894-807d-5fe603a76bac
|i fa79e326-b8d1-38bc-a0d6-477fe14c3376
|t 0
|
| 952 |
f |
f |
|p ric
|a Texas A&M University
|b Rellis Campus
|c Joint Library Facility
|d Remote Storage
|t 0
|e TJ210.3 .R655 1995
|h Library of Congress classification
|i unmediated -- volume
|m A14812674032
|
| 998 |
f |
f |
|a TJ210.3 .R655 1995
|t 0
|l Remote Storage
|